00447nam a2200193 a 4500001001300000003000900013005001700022008004100039020001000080082001300090100001800103245001400121260003000135300000800165500003500173505001000208650001700218700001800235nice12345678IN_TiNIC20260116011838.0050524s1974 u sa grp 000 0 eng  ac10000a232bMAR aMaroun, Roger aOn Jesus. aU S abRoger Marounc1974 a73p aincludes index and biblioraphy2 aIndex aJesus Christ1 aMaroun, Roger